ا ر د و نّر (مضا مين،گر ا مر و خطو ط نو يسی) (Record no. 167840)

MARC details
000 -LEADER
fixed length control field 00723nam a22001937a 4500
005 - DATE AND TIME OF LATEST TRANSACTION
control field 20190920124338.0
010 ## - LCCN (DPL NO)
LC control number UR-10487
020 ## - INTERNATIONAL STANDARD BOOK NUMBER
Terms of availability 140.00
International Standard Book Number 9789383239788
035 ## - SYSTEM CONTROL NUMBER
System control number U-9042
037 ## - SOURCE OF ACQUISITION
Source of stock number/acquisition DBAD/PUB
Stock number -
082 ## - DEWEY DECIMAL CLASSIFICATION NUMBER
Classification number 840.44
100 ## - MAIN ENTRY--PERSONAL NAME
Personal name ا يم سعيد الد ين
245 ## - TITLE STATEMENT
Title ا ر د و نّر (مضا مين،گر ا مر و خطو ط نو يسی)
Statement of responsibility, etc ا يم سعيد الد ين
246 ## - VARYING FORM OF TITLE
Remainder of title Urdu Nasar(Prose,GrammarAnd Letter Writing) (Urdu)
Title proper/short title by M.Sayeeduddeen
260 ## - PUBLICATION, DISTRIBUTION, ETC. (IMPRINT)
Place of publication, distribution, etc N.Delhi
Name of publisher, distributor, etc Applied Books
Date of publication, distribution, etc 2018 ء
270 ## - ADDRESS
Address 1739/10,Kohinoor hotel,Ptoudi House,Darya Ganj,
City N.Delhi
Postal code 110002
Telephone number 01123266347
Fax number -
300 ## - PHYSICAL DESCRIPTION
Extent 128ص
Dimensions 22 Cm(Hb)
942 ## - ADDED ENTRY ELEMENTS (KOHA)
Source of classification or shelving scheme Dewey Decimal Classification
Item type Urdu Bks
Classification part 840.44
Call number suffix ا ي م
Holdings
Withdrawn status Lost status Not for loan Collection code Home library Current library Date acquired Source of acquisition Cost, normal purchase price Full call number Barcode Copy number Cost, replacement price Koha item type
    Not For Loan Non-fiction D.B.Act.Division D.B.Act.Division 20/09/2019 DBAD/PUB 140.00 840.44 ا ي م U-9042 1 140.00 Urdu Bks

© Delhi Public Library
Hit Counter
free hit counter